Anuario meteorológico 1975

I tiakina i:
Ngā taipitopito rārangi puna kōrero
Kaituhi rangatōpū: Fuerza Aérea de Chile (Author)
Hōputu: Pukapuka
Reo:Pāniora
I whakaputaina: Santiago Dirección Meteorológica de Chile 1985
Ngā marau:
Ngā Tūtohu: Tāpirihia he Tūtohu
Kāore He Tūtohu, Me noho koe te mea tuatahi ki te tūtohu i tēnei pūkete!

MARC

LEADER 00000nam a2200000 a 4500
001 UCK0175
003 CL-VaPUC
008 040915e19850000CL |||||||||||||||||spa|d
082 0 4 |a 551.5  |b FUE  |2 21 
110 2 |a Fuerza Aérea de Chile  |e author  |9 488052 
245 1 0 |a Anuario meteorológico 1975 
300 |a 233 p 
942 |c BK 
945 |d 20040915 00:00:00  |a cmena 
260 |a Santiago  |b Dirección Meteorológica de Chile  |c 1985 
650 7 |a METEOROLOGIA  |2 CL-VaPUC  |9 260030 
650 0 |a Climatología   |9 262302 
650 7 |a PRESION ATMOSFERICA  |2 CL-VaPUC  |9 360580 
650 0 |a Cambios climáticos   |9 262050 
583 |a last modification  |c 20040915 00:00:00  |k Rodrigo Vera 
999 |c 310665  |d 310663 
952 |0 0  |1 0  |4 0  |6 551_500000000000000_FUE_1985  |7 0  |8 A  |9 379545  |a BIBING  |b BIBING  |d 2019-11-21  |i 212145K  |o 551.5 FUE 1985  |p 212145K  |r 2025-01-20  |w 2019-11-21  |y BK  |k GEO